Loading...
| History - World History | 0 | 9 | 2 | 2 | 80 | 63 | 105.22 | 0 | 1 |
| History - European History | 0 | 6 | 0 | 0 | 60 | 23 | 79.17 | 1 | 2 |
| Any History | 0 | 6 | 0 | 0 | 60 | 74 | 101.00 | 0 | 2 |
| History - American History | 0 | 5 | 1 | 1 | 45 | 67 | 105.20 | 0 | 1 |
| Social Science | 0 | 4 | 2 | 1 | 30 | 68 | 98.50 | 0 | 1 |
| Current Events | 0 | 3 | 0 | 0 | 30 | 65 | 94.33 | 0 | 0 |
| Geography | 0 | 2 | 0 | 1 | 20 | 102 | 124.00 | 0 | 0 |
| Other Academic | 0 | 2 | 0 | 0 | 20 | 79 | 91.50 | 0 | 0 |
| Painting & Sculpture | 0 | 2 | 0 | 0 | 20 | 102 | 117.00 | 0 | 0 |
| Fine Arts - Other Fine Arts | 0 | 1 | 0 | 0 | 10 | 145 | 145.00 | 0 | 0 |
| Science - Biology | 0 | 1 | 0 | 1 | 10 | 124 | 124.00 | 0 | 1 |
| Literature - American Literature | 0 | 1 | 0 | 0 | 10 | 73 | 73.00 | 0 | 1 |
| Literature - European Literature | 0 | 1 | 0 | 0 | 10 | 100 | 100.00 | 0 | 0 |
| Literature - World Literature | 0 | 0 | 1 | 0 | -5 | 0.00 | 0 | 0 | |
| Science - Other Science | 0 | 0 | 1 | 0 | -5 | 0.00 | 0 | 0 |